Statistics for Biggest European Regions by population

Click here to take the quiz!

General Stats

  • This quiz has been taken 106 times
  • The average score is 17 of 33

Answer Stats

Pop. (mln.)CountryLevelRegion% Correct
12.6GermanyBundeslandBavaria
94%
12.1RussiaFederal CityMoscow (city)
92%
7.1RussiaOblastMoscow (oblast)
92%
7.5SpainAutonomous CommunityCatalonia
86%
12.0FranceRégionÎle-de-France
86%
8.5England (UK)RegionGreater London
84%
6.5SpainAutonomous CommunityCommunity of Madrid
76%
14.5TurkeyProvinceIstanbul
76%
10.0ItalyRegioneLombardy
76%
17.7GermanyBundeslandNorth Rhine-Westphalia
69%
7.8GermanyBundeslandLower Saxony
67%
5.0RussiaFederal CitySaint Petersburg
67%
5.1ItalyRegioneSicily
66%
8.4SpainAutonomous CommunityAndalusia
63%
10.7GermanyBundeslandBaden-Württemberg
63%
5.9ItalyRegioneLazio
63%
6.4BelgiumRegion / CommunityFlemish Region
62%
6.1GermanyBundeslandHesse
50%
5.1SpainAutonomous CommunityValencian Country
48%
5.5FranceRégionGrand-Est
47%
5.8ItalyRegioneCampania
42%
5.6England (UK)RegionWest Midlands
39%
5.2England (UK)RegionYorkshire and the Humber
37%
7.7FranceRégionAuvergne-Rhône-Alpes
34%
6.0FranceRégionHauts-de-France
34%
5.8FranceRégionAquitaine-Limousin-Poitou-Charentes
31%
8.6England (UK)RegionSouth East
18%
5.2England (UK)RegionSouth West
18%
7.0England (UK)RegionNorth East
16%
5.3PolandVoivodeshipMazovia
14%
5.4RussiaKraiKrasnodar
12%
5.7FranceRégionLanguedoc-Roussillon-Midi-Pyrénées
9%
5.8England (UK)RegionEast of England
8%

Score Distribution

Percentile by Number Answered

Percent of People with Each Score

Your Score History

You have not taken this quiz